| 000 | 00951nam a2200301 a 4500 | ||
|---|---|---|---|
| 001 | 22291 | ||
| 003 | BD-RjUL | ||
| 005 | 20211209000805.0 | ||
| 008 | 140308s19781939nyu 000 1 eng | ||
| 020 | _a0140042393 (pbk.) : | ||
| 035 | _a(BD-RjUL)22356 | ||
| 040 |
_aDLC _cDLC _dDLC _dOCoLC _dDLC _dBD-RjUL _beng |
||
| 041 | _aeng | ||
| 082 | 0 | 0 |
_a813.52 _219 _bSTG 1978 |
| 100 | 1 |
_aSteinbeck, John, _d1902-1968. _968821 |
|
| 245 | 1 | 4 |
_aThe grapes of wrath / _cJohn Steinbeck. |
| 260 |
_aNew York, N.Y. : _bPenguin Books, _cc1939 [Reprinted 1978]. |
||
| 300 |
_a502 p. ; _c19 cm. |
||
| 650 | 0 |
_aMigrant agricultural laborers _xFiction. _968822 |
|
| 650 | 0 |
_aRural families _xFiction. _968823 |
|
| 650 | 0 |
_aDepressions _xFiction. _956132 |
|
| 650 | 0 |
_aLabor camps _xFiction. _968824 |
|
| 651 | 0 |
_aCalifornia _xFiction. _964329 |
|
| 655 | 7 |
_aHistorical fiction. _2gsafd _968830 |
|
| 942 |
_2ddc _cBK |
||
| 999 |
_c22291 _d22291 |
||